[Event "6th Cattolica Open 2019"]
[Site "Cattolica"]
[Date "2019.06.10"]
[Round "3.11"]
[White "Mezentsev, Ivan"]
[Black "Kjartansson, Gudmundur"]
[Result "1-0"]
[WhiteElo "2281"]
[BlackElo "2459"]
[Annotator "ChessBase"]
[PlyCount "141"]
[EventDate "2019.06.08"]
[EventType "swiss"]
[EventCountry "ITA"]
[SourceTitle "playchess.com"]
[Source "ChessBase"]
[SourceQuality "1"]
[TimeControl "40/5400+30:900+30"]

1. Nf3 {[%emt 0:00:00]} d5 {[%emt 0:00:24]} 2. e3 {[%emt 0:00:45]} Nf6 {[%emt 0:00:52]} 3. c4 {[%emt 0:00:26]} c6 {[%emt 0:03:02]} 4. Nc3 {[%emt 0:01:57]} e6 {[%emt 0:00:15]} 5. b3 {[%emt 0:12:55]} Bd6 {[%emt 0:00:15]} 6. Bb2 {[%emt 0:00:20]} e5 {[%emt 0:02:31]} 7. cxd5 {[%emt 0:01:11]} cxd5 {[%emt 0:00:08]} 8. Nb5 {[%emt 0:00:38]} Nc6 {[%emt 0:00:44]} 9. Nxd6+ {[%emt 0:00:35]} Qxd6 {[%emt 0:00:05]} 10. Bb5 {[%emt 0:00:53]} e4 {[%emt 0:04:41]} 11. Ne5 {[%emt 0:05:03]} O-O {[%emt 0:02:27]} 12. Nxc6 {[%emt 0:03:16]} bxc6 {[%emt 0:00:09]} 13. Be2 {[%emt 0:00:02]} Bf5 {[%emt 0:24:47]} 14. O-O {[%emt 0:00:23]} a5 {[%emt 0:00:45]} 15. d3 {[%emt 0:03:55]} exd3 {[%emt 0:03:41]} 16. Bxd3 {[%emt 0:04:58]} Ng4 {[%emt 0:01:12]} 17. g3 {[%emt 0:00:15]} Qh6 {[%emt 0:00:42]} 18. h4 {[%emt 0:00:19]} Nxe3 {[%emt 0:00:15]} 19. Bc1 {[%emt 0:02:01]} Nxd1 {[%emt 0:01:49]} 20. Bxh6 {[%emt 0:00:03]} Bxd3 {[%emt 0:00:24]} 21. Rfxd1 {[%emt 0:00:09]} Be2 {[%emt 0:16:34]} 22. Rd2 {[%emt 0:01:52]} Bf3 {[%emt 0:01:16]} 23. Be3 {[%emt 0:00:17]} Rfe8 {[%emt 0:03:03]} 24. Rc1 {[%emt 0:00:20]} h5 {[%emt 0:02:16]} 25. Rd4 {[%emt 0:01:14]} Ra6 {[%emt 0:02:11]} 26. Kf1 {[%emt 0:05:00]} a4 {[%emt 0:02:01]} 27. b4 {[%emt 0:02:30]} Re6 {[%emt 0:03:18]} 28. a3 {[%emt 0:01:04]} f6 {[%emt 0:02:47]} 29. Ke1 {[%emt 0:05:15]} Kf7 {[%emt 0:03:06]} 30. Kd2 {[%emt 0:00:04]} Re8 {[%emt 0:03:25]} 31. Rc5 {[%emt 0:04:26]} Ke6 {[%emt 0:02:51]} 32. Kc3 {[%emt 0:00:32]} Kd7 {[%emt 0:00:37]} 33. Kd2 {[%emt 0:07:08]} Ke6 {[%emt 0:02:03]} 34. Rc3 {[%emt 0:00:48]} Be4 {[%emt 0:01:09]} 35. Rc5 {[%emt 0:00:15]} Rb8 {[%emt 0:00:48]} 36. Kc3 {[%emt 0:01:39]} Bg2 {[%emt 0:01:53]} 37. Rd1 {[%emt 0:00:21]} Kf5 {[%emt 0:02:27]} 38. Kd4 {[%emt 0:02:17]} g5 {[%emt 0:02:08]} 39. Rdc1 {[%emt 0:00:27]} gxh4 {[%emt 0:00:09]} 40. gxh4 {[%emt 0:00:00]} Re8 {[%emt 0:00:00]} 41. Kd3 {[%emt 0:05:50]} Kg4 {[%emt 0:07:17]} 42. Rg1 {[%emt 0:00:45]} Kh3 {[%emt 0:00:55]} 43. Bd4 {[%emt 0:04:32]} Rg8 {[%emt 0:06:07]} 44. Kd2 {[%emt 0:04:42]} Rg6 {[%emt 0:04:01]} 45. Rc3+ {[%emt 0:01:32]} Kh2 {[%emt 0:01:15]} 46. Rgc1 {[%emt 0:01:28]} c5 {[%emt 0:01:28]} 47. Bxc5 {[%emt 0:02:48]} Rg4 {[%emt 0:01:46]} 48. b5 {[%emt 0:03:05]} Re6 {[%emt 0:00:04]} 49. Ba7 {[%emt 0:01:03]} Be4 {[%emt 0:01:35]} 50. Re3 {[%emt 0:09:14]} d4 {[%emt 0:01:08]} 51. Bxd4 {[%emt 0:00:41]} Rd6 {[%emt 0:00:02]} 52. Kc3 {[%emt 0:01:37]} Bc6 {[%emt 0:01:07]} 53. Rd1 {[%emt 0:05:16]} Bxb5 {[%emt 0:00:01]} 54. Be5+ {[%emt 0:00:11]} fxe5 {[%emt 0:00:01]} 55. Rxd6 {[%emt 0:00:06]} Rc4+ {[%emt 0:01:26]} 56. Kd2 {[%emt 0:00:29]} Rxh4 {[%emt 0:00:33]} 57. Rxe5 {[%emt 0:00:15]} Bc4 {[%emt 0:00:19]} 58. Rh6 {[%emt 0:00:44]} Kg2 {[%emt 0:00:06]} 59. Rhxh5 {[%emt 0:00:42]} Rxh5 {[%emt 0:00:17]} 60. Rxh5 {[%emt 0:00:06]} Kxf2 {[%emt 0:00:08]} 61. Rf5+ {[%emt 0:00:12]} Kg3 {[%emt 0:01:11]} 62. Kc3 {[%emt 0:00:06]} Bb3 {[%emt 0:00:26]} 63. Kb4 {[%emt 0:00:04]} Bd1 {[%emt 0:01:34]} 64. Ra5 {[%emt 0:01:35]} Kf4 {[%emt 0:00:06]} 65. Rxa4 {[%emt 0:00:08]} Ke5 {[%emt 0:00:43]} 66. Ra8 {[%emt 0:00:21]} Bf3 {[%emt 0:00:25]} 67. Rd8 {[%emt 0:00:06]} Ke6 {[%emt 0:00:09]} 68. a4 {[%emt 0:00:13]} Ke7 {[%emt 0:00:03]} 69. Rd3 {[%emt 0:00:06]} Bg2 {[%emt 0:00:13]} 70. Kc5 {[%emt 0:00:09]} Bf1 {[%emt 0:00:21]} 71. Rd1 {[%emt 0:00:05]} 1-0

[Event "6th Cattolica Open 2019"]
[Site "Cattolica"]
[Date "2019.06.10"]
[Round "4.1"]
[White "Basso, Pier Luigi"]
[Black "Barseghyan, Harutyun"]
[Result "1/2-1/2"]
[WhiteElo "2539"]
[BlackElo "2495"]
[Annotator "ChessBase"]
[PlyCount "99"]
[EventDate "2019.06.08"]
[EventType "swiss"]
[EventCountry "ITA"]
[SourceTitle "playchess.com"]
[Source "ChessBase"]
[SourceQuality "1"]
[TimeControl "40/5400+30:900+30"]

1. d4 {[%emt 0:08:10]} d5 {[%emt 0:00:00]} 2. c4 {[%emt 0:00:27]} dxc4 {[%emt 0:00:00]} 3. e4 {[%emt 0:00:07]} b5 {[%emt 0:00:00]} 4. a4 {[%emt 0:00:59]} c6 {[%emt 0:00:00]} 5. Nc3 {[%emt 0:05:46]} a6 {[%emt 0:00:00]} 6. axb5 {[%emt 0:01:36]} cxb5 {[%emt 0:00:00]} 7. Nxb5 {[%emt 0:00:05]} axb5 {[%emt 0:00:00]} 8. Rxa8 {[%emt 0:00:05]} Bb7 {[%emt 0:00:00]} 9. Ra2 {[%emt 0:03:49]} e6 {[%emt 0:00:07]} 10. f3 {[%emt 0:01:46]} f5 {[%emt 0:00:08]} 11. g3 {[%emt 0:11:01]} Nc6 {[%emt 0:02:54]} 12. Bg2 {[%emt 0:14:58]} Nxd4 {[%emt 0:17:33]} 13. Ne2 {[%emt 0:08:12]} Bc5 {[%emt 0:02:30]} 14. Nxd4 {[%emt 0:02:51]} Bxd4 {[%emt 0:00:07]} 15. Qe2 {[%emt 0:04:08]} Qb6 {[%emt 0:08:07]} 16. exf5 {[%emt 0:01:58]} e5 {[%emt 0:00:02]} 17. f4 {[%emt 0:05:08]} Nf6 {[%emt 0:05:06]} 18. fxe5 {[%emt 0:05:21]} Nd7 {[%emt 0:04:31]} 19. Qh5+ {[%emt 0:05:46]} Kf8 {[%emt 0:01:10]} 20. e6 {[%emt 0:01:07]} Ne5 {[%emt 0:00:00]} 21. Bg5 {[%emt 0:03:24]} Bc5 {[%emt 0:02:05]} 22. Bxb7 {[%emt 0:04:44]} Bb4+ {[%emt 0:00:51]} 23. Ke2 {[%emt 0:03:37]} Qxb7 {[%emt 0:00:03]} 24. e7+ {[%emt 0:00:05]} Bxe7 {[%emt 0:00:05]} 25. Bxe7+ {[%emt 0:00:04]} Kxe7 {[%emt 0:00:09]} 26. Rd1 {[%emt 0:01:55]} Qg2+ {[%emt 0:01:57]} 27. Ke3 {[%emt 0:01:00]} Re8 {[%emt 0:01:41]} 28. f6+ {[%emt 0:00:55]} gxf6 {[%emt 0:01:12]} 29. Ra7+ {[%emt 0:00:42]} Nd7 {[%emt 0:00:05]} 30. Rdxd7+ {[%emt 0:03:27]} Kf8+ {[%emt 0:00:01]} 31. Qxe8+ {[%emt 0:00:07]} Kxe8 {[%emt 0:00:03]} 32. Rxh7 {[%emt 0:01:36]} Qg1+ {[%emt 0:00:01]} 33. Ke2 {[%emt 0:00:14]} Qg2+ {[%emt 0:00:03]} 34. Ke3 {[%emt 0:00:03]} Qg1+ {[%emt 0:00:03]} 35. Kf3 {[%emt 0:01:00]} Qd1+ {[%emt 0:03:53]} 36. Kg2 {[%emt 0:00:41]} Qe2+ {[%emt 0:00:03]} 37. Kh3 {[%emt 0:00:45]} Qe6+ {[%emt 0:00:02]} 38. Kh4 {[%emt 0:00:27]} Qe4+ {[%emt 0:00:06]} 39. Kh3 {[%emt 0:00:24]} Qe6+ {[%emt 0:00:02]} 40. Kh4 {[%emt 0:00:00]} Qe4+ {[%emt 0:00:00]} 41. g4 {[%emt 0:02:41]} Qe1+ {[%emt 0:00:40]} 42. Kh3 {[%emt 0:00:18]} Qe3+ {[%emt 0:00:17]} 43. Kg2 {[%emt 0:00:05]} Qe2+ {[%emt 0:00:09]} 44. Kg3 {[%emt 0:00:06]} Qe3+ {[%emt 0:00:02]} 45. Kg2 {[%emt 0:00:41]} Qe2+ {[%emt 0:00:03]} 46. Kg3 {[%emt 0:00:04]} Qe3+ {[%emt 0:00:08]} 47. Kg2 {[%emt 0:00:03]} Qe2+ {[%emt 0:00:07]} 48. Kg3 {[%emt 0:00:05]} Qe3+ {[%emt 0:00:04]} 49. Kg2 {[%emt 0:00:06]} Qe2+ {[%emt 0:00:13]} 50. Kg3 {[%emt 0:00:04]} 1/2-1/2

[Event "6th Cattolica Open 2019"]
[Site "Cattolica"]
[Date "2019.06.10"]
[Round "4.2"]
[White "Dreev, Aleksey"]
[Black "Arjun Kalyan"]
[Result "1-0"]
[WhiteElo "2657"]
[BlackElo "2484"]
[Annotator "TA"]
[PlyCount "67"]
[EventDate "2019.06.08"]
[EventType "swiss"]
[EventCountry "ITA"]
[SourceTitle "playchess.com"]
[Source "ChessBase"]
[SourceQuality "1"]

{[%evp 9,67,0,5,12,7,-8,26,11,28,31,20,14,13,33,53,41,45,15,30,37,35,35,34,16,34,36,37,17,16,10,18,8,20,21,18,0,6,6,6,6,7,8,6,6,79,78,75,77,80,88,106,108,233,216,233,225,354,373,349,343]} 1. d4 d5 2. c4 c6 3. cxd5 cxd5 4. Bg5 (4. Bf4 Nc6 5. e3 Nf6 6. Bd3 Bg4 7. Ne2 e6 8. Nbc3 a6 9. Qb3 Na5 10. Qa4+ Nc6 11. Ng3 Bh5 12. Nxh5 Nxh5 13. Be5 Bd6 14. O-O O-O 15. Bxd6 Qxd6 16. Rfc1 Nf6 {½-½ (47) Korobov,A (2756)-Bu,X (2722) Hengshui 2019}) 4... Nc6 5. Nc3 f6 6. Bd2 {D10: Slav Defence: 3 cxd5 (without early Nf3) and 3 Nc3} e5 7. e3 exd4 $146 ({Predecessor:} 7... Be6 8. Bb5 Bd6 9. Bxc6+ bxc6 10. Na4 Ne7 11. Rc1 Rb8 {½-½ (64) Gumularz,S (2462)-Pert,N (2546) London 2018}) 8. exd4 {White has an edge.} Bb4 9. Qh5+ Kf8 10. Qxd5 Qxd5 11. Nxd5 Bxd2+ 12. Kxd2 Nxd4 13. Ne2 Nxe2 14. Nc7 Rb8 {...Nf4 is the strong threat.} 15. Bxe2 Bf5 16. Rhd1 Ne7 17. Rac1 Kf7 18. Nb5 {next Nd6+ is good for White.} (18. g4 {with more complications.} Rhd8+ 19. Ke3 Bd7 20. f4 Nc6 21. h3) 18... Rhd8+ 19. Ke1 Rxd1+ 20. Bxd1 Be6 21. Rc7 Kf8 22. Nd6 Nd5 23. Rxb7 Rxb7 24. Nxb7 $11 {[%mdl 4096] Endgame KBN-KBN} Nf4 25. g3 Nd3+ {[%mdl 64] Double Attack} 26. Ke2 Nc1+ (26... Nxb2 $11 27. Bb3 Ke7) 27. Ke3 $16 Nxa2 28. Kd4 Nb4 29. Be2 Ke7 {[#]} 30. Kc5 $1 {[%cal Rc5b4]} Nd5 {[#]} (30... Na2 $16 {was worth a try.}) 31. Na5 $1 $18 Nb6 32. Nc6+ Kf7 (32... Kd7 {was necessary.} 33. Bb5 (33. Nxa7 Na4+ {[%mdl 64] Double Attack} 34. Kd4 Nxb2 $14) 33... a6) 33. b4 Nc8 34. Ba6 {Accuracy: White = 70%, Black = 51%.} 1-0

[Event "6th Cattolica Open 2019"]
[Site "Cattolica"]
[Date "2019.06.10"]
[Round "4.3"]
[White "Repka, Christopher"]
[Black "Fedorchuk, Sergey A."]
[Result "1/2-1/2"]
[WhiteElo "2482"]
[BlackElo "2631"]
[Annotator "TA"]
[PlyCount "57"]
[EventDate "2019.06.08"]
[EventType "swiss"]
[EventCountry "ITA"]
[SourceTitle "playchess.com"]
[Source "ChessBase"]
[SourceQuality "1"]

{[%evp 9,57,28,37,31,59,36,34,39,51,33,34,44,45,35,51,20,31,8,36,4,0,0,0,-80,-83,-89,-86,-79,-65,-78,-75,-75,-75,-75,-75,-80,-74,-79,-76,-78,-81,-72,-76,-69,-36,-59,0,-1,0,-6]} 1. d4 Nf6 2. Bf4 c5 3. dxc5 Qa5+ (3... Nc6 4. Nc3 e5 5. Bg5 Bxc5 6. e3 Bb4 7. Nge2 d5 8. a3 Bxc3+ 9. Nxc3 Be6 10. Bb5 d4 11. Bxf6 Qxf6 {½-½ (42) Aronian,L (2799)-Kasparov,G (2812) Saint Louis 2017}) 4. Nc3 Qxc5 5. Qd2 d6 6. e4 {A45: Trompowsky Attack} Nbd7 7. Nf3 a6 8. Be3 $146 {White is slightly better.} ({Predecessor:} 8. Be2 b5 9. Be3 Qc6 10. Nd4 Qb7 11. f3 {0-1 (82) Gerecs,I (1909)-Tomasic,D (2059) Hungary 2010}) 8... Qa5 9. Nd4 e6 10. a4 Be7 11. Be2 O-O 12. f4 Qc7 13. Bf3 Re8 14. g4 Nb6 $1 {[%cal Bd7b6,Bb6c4,Bc4b2][%mdl 32] ...Nc4 is the strong threat.} 15. g5 {Strongly threatening b3.} Nc4 16. Qe2 (16. Qf2 $11 {remains equal.} Nxb2 17. gxf6 Qxc3+ 18. Bd2 Nd3+ {[%mdl 64] Discovered Attack} 19. cxd3 Qxa1+ {[%mdl 64] Double Attack} 20. Ke2) 16... Nxb2 $17 {[%mdl 64] [#] Discovered Attack} 17. gxf6 {aiming for Ncb5.} Qxc3+ 18. Qd2 Qxd2+ 19. Kxd2 Nc4+ ({Weaker is} 19... gxf6 20. Kc3 $16) ({Don't play} 19... Bxf6 $6 20. Kc3 $14) 20. Kd3 Nxe3 21. fxe7 e5 22. Kxe3 {Black must now prevent Ne2.} exd4+ 23. Kxd4 Rxe7 24. Rhb1 Rc7 25. Rb6 Rxc2 26. Rxd6 {[%cal Rd6d8] [#]} Bd7 $1 {[%mdl 512] And now ...Rd2+ would win.} 27. e5 (27. Rxd7 Rd2+) 27... Rb8 (27... Bc6 $15 28. Bxc6 bxc6) 28. Rb1 $11 Bxa4 {With the idea ...Bb5.} 29. Rxb7 {Accuracy: White = 51%, Black = 67%.} 1/2-1/2

[Event "6th Cattolica Open 2019"]
[Site "Cattolica"]
[Date "2019.06.10"]
[Round "4.4"]
[White "Ankit, R. Rajpara"]
[Black "Martinez Alcantara, Jose Eduardo"]
[Result "1/2-1/2"]
[WhiteElo "2447"]
[BlackElo "2583"]
[Annotator "ChessBase"]
[PlyCount "41"]
[EventDate "2019.06.08"]
[EventType "swiss"]
[EventCountry "ITA"]
[SourceTitle "playchess.com"]
[Source "ChessBase"]
[SourceQuality "1"]
[TimeControl "40/5400+30:900+30"]

1. d4 {[%emt 0:00:40]} Nf6 {[%emt 0:00:00]} 2. c4 {[%emt 0:00:09]} e6 {[%emt 0:00:00]} 3. g3 {[%emt 0:00:07]} d5 {[%emt 0:04:58]} 4. Nf3 {[%emt 0:00:20]} Bb4+ {[%emt 0:00:02]} 5. Bd2 {[%emt 0:00:13]} Be7 {[%emt 0:00:01]} 6. Bg2 {[%emt 0:00:18]} O-O {[%emt 0:00:07]} 7. O-O {[%emt 0:00:44]} Nbd7 {[%emt 0:00:05]} 8. Qc2 {[%emt 0:01:01]} a5 {[%emt 0:02:21]} 9. b3 {[%emt 0:02:20]} c6 {[%emt 0:01:08]} 10. Rd1 {[%emt 0:10:03]} b6 {[%emt 0:06:29]} 11. Bc3 {[%emt 0:02:04]} Ba6 {[%emt 0:02:53]} 12. Nbd2 {[%emt 0:01:02]} h6 {[%emt 0:06:49]} 13. e4 {[%emt 0:11:52]} Qb8 {[%emt 0:08:03]} 14. Ne5 {[%emt 0:06:10]} Bb7 {[%emt 0:03:06]} 15. Re1 {[%emt 0:13:19]} Qc7 {[%emt 0:09:23]} 16. Rac1 {[%emt 0:05:25]} Rac8 {[%emt 0:01:11]} 17. Bb2 {[%emt 0:04:08]} Qd8 {[%emt 0:04:25]} 18. a3 {[%emt 0:05:37]} Nxe5 {[%emt 0:05:47]} 19. dxe5 {[%emt 0:00:15]} Ne8 {[%emt 0:00:08]} 20. exd5 {[%emt 0:10:50]} cxd5 {[%emt 0:00:02]} 21. Qd3 {[%emt 0:01:03]} 1/2-1/2

[Event "6th Cattolica Open 2019"]
[Site "Cattolica"]
[Date "2019.06.10"]
[Round "4.5"]
[White "Rychagov, Andrey"]
[Black "Eugene, Floryan"]
[Result "1-0"]
[WhiteElo "2520"]
[BlackElo "2304"]
[Annotator "TA"]
[PlyCount "83"]
[EventDate "2019.06.08"]
[EventType "swiss"]
[EventCountry "ITA"]
[SourceTitle "playchess.com"]
[Source "ChessBase"]
[SourceQuality "1"]

{[%evp 22,83,42,33,49,27,39,14,20,4,17,0,0,-22,-10,-7,-15,-8,0,0,0,-3,21,29,104,97,88,87,88,95,80,79,125,124,149,128,172,171,299,279,531,506,470,450,465,455,522,516,441,394,1295,966,958,922,1888,1095,29978,29979,29979,29979,29971,29966,2108,1465]} 1. d4 Nf6 2. c4 g6 3. Nc3 Bg7 4. e4 d6 5. Nf3 O-O 6. Be2 Na6 7. O-O e5 8. Re1 Qe8 9. Bf1 Bg4 10. d5 Nb4 11. Be2 a5 12. Be3 Na6 {E94: King's Indian: Classical: 6 Be2 e5 7 0-0: Various Black 7th moves} 13. h3 Bd7 14. Nd2 Kh8 {The position is equal.} 15. b3 Ng8 {[#]} 16. Qc1 $146 ({Predecessor:} 16. f3 f5 17. a3 Bh6 18. Bf2 Nf6 19. Rb1 Nc5 {½-½ (50) Abbasov,F (2549)-Libiszewski,F (2495) Calvi 2010}) 16... f5 17. f3 (17. Nf3 {looks sharper.} f4 18. Bd2 Nc5 19. Qc2 Qd8 20. Bc1) 17... Bh6 18. Bxh6 Nxh6 19. a3 f4 20. Qb2 Qe7 21. Nd1 Qh4 22. Nf2 $1 Nf7 {[#]} (22... c5 $11 {remains equal.}) 23. b4 $1 $16 b6 24. c5 bxc5 {[%cal Ra5b4]} 25. Bxa6 $1 Rxa6 26. bxc5 {Qb7 is the strong threat.} Rfa8 27. Nc4 Ng5 28. Kf1 Qg3 {[#]} 29. Qc3 $1 Nf7 (29... Bb5 $142) 30. Rab1 R8a7 $2 (30... Rc8 {was necessary.} 31. Rb7 (31. Nxa5 Rca8 $16) 31... Be8 32. Nxa5 Raa8) 31. Rb8+ $18 Kg7 32. c6 Bxc6 33. dxc6 {Black must now prevent Nxd6!} Rxc6 34. Qd3 Rc5 35. Reb1 c6 $2 (35... Kh6 36. R1b5 Rxb5 37. Rxb5 Qg5) 36. R8b7 Rxb7 37. Rxb7 d5 38. exd5 cxd5 39. Nxe5 Rc1+ 40. Nd1 Qh2 41. Rxf7+ Kg8 42. Qb3 {Accuracy: White = 63%, Black = 45%.} 1-0

[Event "6th Cattolica Open 2019"]
[Site "Cattolica"]
[Date "2019.06.10"]
[Round "4.6"]
[White "Sonis, Francesco"]
[Black "Mezentsev, Ivan"]
[Result "1-0"]
[WhiteElo "2494"]
[BlackElo "2281"]
[Annotator "ChessBase"]
[PlyCount "105"]
[EventDate "2019.06.08"]
[EventType "swiss"]
[EventCountry "ITA"]
[SourceTitle "playchess.com"]
[Source "ChessBase"]
[SourceQuality "1"]
[TimeControl "40/5400+30:900+30"]

1. d4 {[%emt 0:00:00]} d5 {[%emt 0:00:00]} 2. c4 {[%emt 0:00:00]} e6 {[%emt 0:00:31]} 3. Nc3 {[%emt 0:00:00]} a6 {[%emt 0:00:32]} 4. cxd5 {[%emt 0:00:00]} exd5 {[%emt 0:00:06]} 5. Bf4 {[%emt 0:00:01]} Nf6 {[%emt 0:00:27]} 6. e3 {[%emt 0:00:03]} Bd6 {[%emt 0:00:26]} 7. Bxd6 {[%emt 0:00:05]} Qxd6 {[%emt 0:00:04]} 8. Bd3 {[%emt 0:00:05]} O-O {[%emt 0:00:28]} 9. h3 {[%emt 0:00:02]} Re8 {[%emt 0:01:51]} 10. Nf3 {[%emt 0:00:05]} Nbd7 {[%emt 0:03:43]} 11. O-O {[%emt 0:00:45]} b6 {[%emt 0:00:38]} 12. Qb3 {[%emt 0:00:07]} Bb7 {[%emt 0:00:24]} 13. Rfd1 {[%emt 0:00:18]} Re7 {[%emt 0:02:51]} 14. a4 {[%emt 0:03:18]} Ne4 {[%emt 0:06:27]} 15. a5 {[%emt 0:05:25]} b5 {[%emt 0:01:15]} 16. Na2 {[%emt 0:10:26]} c5 {[%emt 0:05:34]} 17. dxc5 {[%emt 0:03:08]} Ndxc5 {[%emt 0:00:15]} 18. Qb4 {[%emt 0:01:47]} Rc8 {[%emt 0:18:37]} 19. Bxe4 {[%emt 0:07:00]} Rxe4 {[%emt 0:00:19]} 20. Nd4 {[%emt 0:00:05]} Ree8 {[%emt 0:01:33]} 21. Rac1 {[%emt 0:03:55]} Ne4 {[%emt 0:00:44]} 22. Qxd6 {[%emt 0:00:21]} Nxd6 {[%emt 0:00:05]} 23. Nb4 {[%emt 0:00:59]} Kf8 {[%emt 0:07:44]} 24. b3 {[%emt 0:02:06]} Ne4 {[%emt 0:01:21]} 25. f3 {[%emt 0:01:43]} Nf6 {[%emt 0:00:24]} 26. Kf2 {[%emt 0:00:12]} h5 {[%emt 0:01:32]} 27. Nd3 {[%emt 0:04:25]} Rxc1 {[%emt 0:04:11]} 28. Rxc1 {[%emt 0:00:03]} Rc8 {[%emt 0:00:16]} 29. Nc5 {[%emt 0:00:08]} Ne8 {[%emt 0:03:05]} 30. Ne2 {[%emt 0:05:25]} Nd6 {[%emt 0:00:44]} 31. Nxb7 {[%emt 0:00:39]} Rxc1 {[%emt 0:00:07]} 32. Nxd6 {[%emt 0:00:02]} Ra1 {[%emt 0:00:28]} 33. Nb7 {[%emt 0:01:05]} Ra2 {[%emt 0:02:06]} 34. Kf1 {[%emt 0:00:43]} Ra1+ {[%emt 0:00:10]} 35. Kf2 {[%emt 0:00:02]} Ra2 {[%emt 0:00:05]} 36. Ke1 {[%emt 0:00:33]} Ke7 {[%emt 0:00:13]} 37. g3 {[%emt 0:01:54]} Kd7 {[%emt 0:00:17]} 38. Nc5+ {[%emt 0:00:17]} Kc8 {[%emt 0:05:05]} 39. b4 {[%emt 0:01:14]} g5 {[%emt 0:00:12]} 40. Nxa6 {[%emt 0:00:00]} Ra1+ {[%emt 0:00:00]} 41. Kf2 {[%emt 0:02:04]} Rb1 {[%emt 0:00:10]} 42. Nc3 {[%emt 0:04:00]} Rb2+ {[%emt 0:00:18]} 43. Ke1 {[%emt 0:00:48]} Kb7 {[%emt 0:00:07]} 44. Nc5+ {[%emt 0:00:07]} Kc6 {[%emt 0:00:08]} 45. Nd3 {[%emt 0:00:05]} Rh2 {[%emt 0:00:08]} 46. Ne2 {[%emt 0:01:12]} Rxh3 {[%emt 0:00:22]} 47. Nf2 {[%emt 0:00:17]} Rh2 {[%emt 0:00:09]} 48. Kf1 {[%emt 0:00:12]} h4 {[%emt 0:00:13]} 49. g4 {[%emt 0:00:04]} h3 {[%emt 0:00:08]} 50. Ng1 {[%emt 0:00:05]} Rg2 {[%emt 0:00:25]} 51. Ngxh3 {[%emt 0:00:03]} Rg3 {[%emt 0:00:06]} 52. Nxg5 {[%emt 0:00:02]} f6 {[%emt 0:00:06]} 53. Nh1 {[%emt 0:00:03]} 1-0

[Event "6th Cattolica Open 2019"]
[Site "Cattolica"]
[Date "2019.06.10"]
[Round "4.7"]
[White "Mareco, Sandro"]
[Black "Anand Nadar"]
[Result "1-0"]
[WhiteElo "2643"]
[BlackElo "2366"]
[Annotator "TA"]
[PlyCount "103"]
[EventDate "2019.06.08"]
[EventType "swiss"]
[EventCountry "ITA"]
[SourceTitle "playchess.com"]
[Source "ChessBase"]
[SourceQuality "1"]

{[%evp 17,103,41,41,51,56,58,51,54,62,61,57,27,63,33,60,43,79,85,85,82,81,97,93,83,83,82,110,54,66,62,76,29,24,22,52,52,52,48,60,59,79,76,58,22,29,12,13,12,24,24,17,19,61,51,56,56,54,54,54,54,127,127,127,127,560,333,3905,4808,2296,5743,5390,5431,8131,8146,5089,4488,5483,5404,2622,2296,1386,803,7939,6967,6211,4497,29973,5122]} 1. c4 g6 2. e4 e5 3. Nc3 Bg7 4. Nge2 d6 5. g3 Nc6 6. Bg2 Nge7 7. O-O O-O 8. d3 Be6 9. Nd5 h6 10. Be3 {A26: English Opening vs King's Indian with ...Nc6 and d3} Nd4 11. Nxd4 exd4 12. Bd2 {White is slightly better.} Nxd5 (12... c6 13. Nf4 Bd7 14. b4 Kh7 15. Qb3 b6 {1-0 (40) Flores,D (2601)-Maghsoodloo,P (2615) Dubai 2018}) 13. cxd5 Bd7 14. Qb3 $146 ({Predecessor:} 14. f4 c6 15. dxc6 bxc6 16. Rc1 a5 17. f5 Kh7 {½-½ (37) Rosen,B (2295)-Noetzel,F Germany 1992}) 14... Qc8 15. Rac1 c5 16. dxc6 $1 Bxc6 17. f4 Qe6 18. Qa3 Rfc8 19. f5 gxf5 20. Bh3 Bd7 21. Bxf5 Qe7 22. Rce1 ({Better is} 22. Rxc8+ $16 Rxc8 23. Qxa7 Bxf5 24. Rxf5) 22... Rc2 $14 23. Re2 {And now Bg5! would win.} Rac8 24. Bxd7 Qxd7 25. Ref2 {Black must now prevent Qb3.} Qb5 26. b4 $1 Qa6 27. Qxa6 bxa6 28. Bf4 R8c3 29. Rxc2 Rxc2 30. Bxd6 $16 {[%mdl 4096] Endgame KRB-KRB} Rd2 31. Bc5 Rxd3 32. Bxa7 Re3 33. Rd1 Rxe4 34. Kf2 d3 35. a3 Re2+ 36. Kf3 Ra2 37. Rxd3 Bb2 $1 38. Be3 Rxa3 ({Black should play} 38... Bxa3 $14 39. Bd2 (39. Bxh6 Rxh2 40. Bd2 Bb2 $11) 39... h5) 39. Rxa3 Bxa3 $14 {KB-KB} 40. Bd2 {Hoping for Ke4.} ({Reject} 40. Bxh6 $6 Bxb4 41. Be3 Kh7 $11) 40... Kg7 $2 {[%mdl 8192]} (40... h5 $16 {is a better chance.}) 41. Ke4 $18 Kf6 $2 {[#]} (41... Bb2 42. Kd5 Bf6) 42. Kd4 $1 {[%cal Rd4c3]} Bb2+ 43. Kc5 h5 44. Kb6 Kf5 45. Kxa6 h4 46. gxh4 Kg4 47. Be1 f5 48. b5 {[%cal Bb4b5,Bb5b6,Bb6b7][%mdl 32]} Be5 49. b6 f4 50. b7 Bb8 51. Kb6 Kf3 52. h5 {Accuracy: White = 74%, Black = 35%.} 1-0

[Event "6th Cattolica Open 2019"]
[Site "Cattolica"]
[Date "2019.06.10"]
[Round "4.8"]
[White "Vovk, Yuri"]
[Black "Guerrero Sierra, Juan Carlos"]
[Result "1-0"]
[WhiteElo "2586"]
[BlackElo "2290"]
[Annotator "TA"]
[PlyCount "43"]
[EventDate "2019.06.08"]
[EventType "swiss"]
[EventCountry "ITA"]
[SourceTitle "playchess.com"]
[Source "ChessBase"]
[SourceQuality "1"]

{[%evp 22,43,39,24,113,131,100,106,140,120,150,147,188,160,163,166,256,222,741,740,736,730,845,848]} 1. e4 c5 2. Nf3 d6 3. d4 cxd4 4. Nxd4 Nf6 5. Nc3 g6 6. Be3 Bg7 7. f3 O-O 8. Qd2 Nc6 9. g4 Nxd4 10. Bxd4 Be6 11. Nd5 Bxd5 12. exd5 Nd7 {B76: Sicilian Dragon: Yugoslav Attack, 9 g4 and 9 0-0-0} (12... Qc7 $11 {remains equal.}) (12... Qc7 13. h4 Rac8 14. Rh2 e5 15. dxe6 fxe6 16. O-O-O e5 17. Be3 Qf7 18. Kb1 d5 19. h5 e4 20. hxg6 hxg6 {1-0 (35) Grischuk,A (2761)-Nakamura,H (2775) Moscow 2012}) 13. Bxg7 $16 Kxg7 14. O-O-O Qc7 $146 {White is better.} ({Predecessor:} 14... Rc8 15. h4 h6 16. f4 Rc5 17. h5 Qa5 18. Qd4+ f6 19. Qe4 f5 20. Qxe7+ {1-0 (41) Krause,B (2407)-Szalanczy,E (2217) Germany 2017}) 15. h4 f6 16. f4 Rac8 17. Rh3 Nb6 18. h5 Qd7 (18... Qc5 $142 19. c3 (19. hxg6 hxg6 20. Re1 Nxd5 $16) 19... Rce8) 19. Re1 $18 ({Weaker is} 19. hxg6 hxg6 20. Re1 (20. f5 Rh8 $16) 20... Rh8 $14) 19... Rf7 $2 {[#]} (19... g5 20. fxg5 Rc5) 20. hxg6 {White is clearly winning.} hxg6 21. Bd3 ({Less strong is} 21. f5 g5 $16) 21... Qxg4 22. Qh2 {Accuracy: White = 100%, Black = 18%.} 1-0